[Event "AUT-chT 1314"]
[Site "Austria"]
[Date "2014.03.23"]
[Round "11.5"]
[White "Felsberger, Alfred"]
[Black "De Francesco, Klaus"]
[Result "1-0"]
[WhiteElo "2358"]
[BlackElo "2245"]
[PlyCount "77"]
[EventDate "2013.12.06"]
[EventType "team-tourn"]
[EventRounds "11"]
[EventCountry "AUT"]
[SourceTitle "EXT 2015"]
[Source "ChessBase"]
[SourceDate "2014.11.20"]
[SourceVersion "1"]
[SourceVersionDate "2014.11.20"]
[SourceQuality "1"]
[WhiteTeam "Ansfelden"]
[BlackTeam "Absam"]
[WhiteTeamCountry "AUT"]
[BlackTeamCountry "AUT"]

1. e4 e6 2. d4 d5 3. Nc3 Bb4 4. e5 c5 5. a3 Bxc3+ 6. bxc3 Ne7 7. a4 Qa5 8. Bd2 Bd7 9. Nf3 Nbc6 10. Bb5 0-0 11. 0-0 f6 12. exf6 Rxf6 13. dxc5 a6 14. Bd3 Qxc5 15. Rb1 e5 16. Bg5 Rff8 17. Bxe7 Qxe7 18. Rxb7 Qe8 19. Ng5 h6 20. Be4 hxg5 21. Bxd5+ Be6 22. Rb6 Rd8 23. c4 Nd4 24. c3 Bxd5 25. cxd5 Nf5 26. Rxa6 Qd7 27. c4 Nd4 28. Qh5 Rf6 29. Rxf6 gxf6 30. Rb1 Kg7 31. a5 Rc8 32. h4 g4 33. a6 Rxc4 34. Rb7 Rc7 35. Rxc7 Qxc7 36. Qxg4+ Kf7 37. h5 Qc4 38. Kh2 Qf1 39. a7 1-0

[Event "AUT-chT 1314"]
[Site "Austria"]
[Date "2014.03.22"]
[Round "10.5"]
[White "Leitner, Gerald"]
[Black "Felsberger, Alfred"]
[Result "0-1"]
[WhiteElo "2194"]
[BlackElo "2358"]
[PlyCount "132"]
[EventDate "2013.12.06"]
[EventType "team-tourn"]
[EventRounds "11"]
[EventCountry "AUT"]
[SourceTitle "EXT 2015"]
[Source "ChessBase"]
[SourceDate "2014.11.20"]
[SourceVersion "1"]
[SourceVersionDate "2014.11.20"]
[SourceQuality "1"]
[WhiteTeam "Tschaturanga"]
[BlackTeam "Ansfelden"]
[WhiteTeamCountry "AUT"]
[BlackTeamCountry "AUT"]

1. Nf3 Nf6 2. d4 e6 3. c4 Bb4+ 4. Bd2 Qe7 5. g3 Nc6 6. Bg2 Bxd2+ 7. Nbxd2 d6 8. 0-0 0-0 9. e4 e5 10. d5 Nb8 11. b4 a5 12. a3 Na6 13. Qb3 Bd7 14. Rfc1 axb4 15. axb4 c5 16. b5 Nb4 17. Ne1 g6 18. Nd3 Nxd3 19. Qxd3 Kg7 20. Qc3 h5 21. Rxa8 Rxa8 22. Ra1 Re8 23. Ra7 Bc8 24. Bf3 g5 25. Qe3 Kg6 26. Bd1 Ng4 27. Qe2 Rh8 28. f3 Nf6 29. Qe3 Rg8 30. Bc2 Nd7 31. Bd3 Kh7 32. Bf1 Nf8 33. Bg2 Ng6 34. Bf1 Kg7 35. Bd3 Rh8 36. Nf1 Qf6 37. Qf2 h4 38. Ne3 hxg3 39. hxg3 Ne7 40. Bf1 Qh6 41. Bg2 Qf6 42. Bf1 Qh6 43. Bg2 Qf6 44. Kf1 Qh6 45. Ke2 Qh7 46. Ra1 Qg6 47. Kd3 f5 48. Rf1 f4 49. gxf4 exf4 50. Qb2+ Qf6 51. Nd1 Qxb2 52. Nxb2 Rh2 53. Rg1 Ng6 54. Kc3 Kf6 55. Nd3 Nh4 56. Ne1 Bh3 57. Bf1 Bd7 58. Kd3 Be8 59. Be2 Bh5 60. Rf1 Ng6 61. Bd1 Ne5+ 62. Kc3 Rh3 63. Be2 g4 64. Kd2 gxf3 65. Bd3 Rh2+ 66. Kc3 f2 0-1

[Event "AUT-chT 1213"]
[Site "Austria"]
[Date "2013.01.19"]
[Round "6.3"]
[White "Mihok, Oliver"]
[Black "Felsberger, Alfred"]
[Result "1/2-1/2"]
[WhiteElo "2451"]
[BlackElo "2366"]
[PlyCount "80"]
[EventDate "2012.11.02"]
[EventType "team-tourn"]
[EventRounds "11"]
[EventCountry "AUT"]
[SourceTitle "EXT 2014"]
[Source "ChessBase"]
[SourceDate "2013.11.20"]
[SourceVersion "1"]
[SourceVersionDate "2013.11.20"]
[SourceQuality "1"]
[WhiteTeam "Wien Husek"]
[BlackTeam "Ansfelden"]
[WhiteTeamCountry "AUT"]
[BlackTeamCountry "AUT"]

1. e4 c5 2. Nf3 Nc6 3. Nc3 Nf6 4. Bb5 a6 5. Bxc6 dxc6 6. d3 g6 7. Be3 b6 8. Qd2 Bg7 9. Bh6 0-0 10. h4 Bxh6 11. Qxh6 Ng4 12. Qd2 h5 13. Nd1 Kg7 14. Ne3 Rh8 15. Qc3+ f6 16. e5 Be6 17. exf6+ exf6 18. Ng5 Re8 19. 0-0 Qd4 20. Ne4 Bd5 21. Nd6 Re5 22. Ndc4 Nxe3 23. Qxd4 cxd4 24. fxe3 Bxc4 25. exd4 Rd5 26. dxc4 Rxd4 27. Rae1 Kf7 28. g3 Rxc4 29. Rf2 Ra7 30. Rfe2 Rd7 31. c3 Rc5 32. Re6 a5 33. R1e2 b5 34. a3 g5 35. hxg5 Rxg5 36. Kh2 Rc5 37. Kh3 Kg6 38. Rf2 Rf7 39. Rf4 Kg5 40. Rd4 Rc7 1/2-1/2

[Event "AUT-chT 1213"]
[Site "Austria"]
[Date "2012.11.03"]
[Round "2.3"]
[White "Jankovic, Alojzije"]
[Black "Felsberger, Alfred"]
[Result "1-0"]
[WhiteElo "2535"]
[BlackElo "2366"]
[PlyCount "69"]
[EventDate "2012.11.02"]
[EventType "team-tourn"]
[EventRounds "11"]
[EventCountry "AUT"]
[SourceTitle "EXT 2013"]
[Source "ChessBase"]
[SourceDate "2012.11.22"]
[SourceVersion "1"]
[SourceVersionDate "2012.11.22"]
[SourceQuality "1"]
[WhiteTeam "Baden Invest"]
[BlackTeam "Ansfelden"]
[WhiteTeamCountry "AUT"]
[BlackTeamCountry "AUT"]

1. d4 Nf6 2. c4 e6 3. Nf3 b6 4. g3 Bb7 5. Bg2 Be7 6. 0-0 0-0 7. Re1 d5 8. cxd5 exd5 9. Nc3 Nbd7 10. Bf4 Ne4 11. Qc2 Nxc3 12. bxc3 Bd6 13. Ng5 Nf6 14. Be5 g6 15. h4 h6 16. Nh3 Re8 17. Bxd6 Qxd6 18. c4 c6 19. Nf4 Rad8 20. cxd5 cxd5 21. Rac1 Kg7 22. Qa4 Re7 23. Nd3 Rc8 24. Ne5 Rec7 25. Rxc7 Qxc7 26. Bh3 Qc3 27. Nd3 Qc6 28. Qa3 Re8 29. Rc1 Qb5 30. Rc7 Ba6 31. Ne5 Rf8 32. Qd3 Ne4 33. Rxa7 Qb4 34. Qf3 Qe1+ 35. Kg2 1-0

[Event "AUT-chT2M 1112"]
[Site "Austria"]
[Date "2012.04.29"]
[Round "11.3"]
[White "Felsberger, Alfred"]
[Black "Krebs, Johann"]
[Result "1/2-1/2"]
[WhiteElo "2361"]
[BlackElo "2284"]
[PlyCount "62"]
[EventDate "2011.10.21"]
[EventType "team-tourn"]
[EventRounds "11"]
[EventCountry "AUT"]
[SourceTitle "EXT 2013"]
[Source "ChessBase"]
[SourceDate "2012.11.22"]
[SourceVersion "1"]
[SourceVersionDate "2012.11.22"]
[SourceQuality "1"]
[WhiteTeam "Ansfelden"]
[BlackTeam "Graz Strassenbahn"]
[WhiteTeamCountry "AUT"]
[BlackTeamCountry "AUT"]

1. e4 c5 2. Nc3 Nc6 3. g3 g6 4. Bg2 Bg7 5. d3 Rb8 6. Be3 d6 7. Qd2 b5 8. f4 e6 9. Nf3 b4 10. Nd1 Nd4 11. 0-0 Ne7 12. c3 bxc3 13. bxc3 Nxf3+ 14. Bxf3 Qa5 15. Rf2 0-0 16. Rc1 d5 17. e5 Bd7 18. c4 Qxd2 19. Bxd2 d4 20. Re2 Bc6 21. Kg2 Rb7 22. Rc2 Rfb8 23. Nf2 Rb1 24. Bxc6 Nxc6 25. Ne4 Bf8 26. Be1 Be7 27. Kf3 Rd1 28. Nf2 Rdb1 29. Ne4 Rd1 30. Nf2 Rdb1 31. Ne4 Rd1 1/2-1/2

[Event "AUT-chT2M 1112"]
[Site "Austria"]
[Date "2012.03.04"]
[Round "9.3"]
[White "Dietmayer Kraeutler, Marco"]
[Black "Felsberger, Alfred"]
[Result "1/2-1/2"]
[WhiteElo "2222"]
[BlackElo "2361"]
[PlyCount "66"]
[EventDate "2011.10.21"]
[EventType "team-tourn"]
[EventRounds "11"]
[EventCountry "AUT"]
[SourceTitle "EXT 2013"]
[Source "ChessBase"]
[SourceDate "2012.11.22"]
[SourceVersion "1"]
[SourceVersionDate "2012.11.22"]
[SourceQuality "1"]
[WhiteTeam "St Veit/Glan"]
[BlackTeam "Ansfelden"]
[WhiteTeamCountry "AUT"]
[BlackTeamCountry "AUT"]

1. d4 Nf6 2. c4 e6 3. Nc3 Bb4 4. Qc2 d5 5. cxd5 exd5 6. Bg5 0-0 7. a3 Bxc3+ 8. Qxc3 c6 9. e3 Bf5 10. Bd3 Bxd3 11. Qxd3 Nbd7 12. Nf3 Re8 13. 0-0 Qb6 14. b4 Ne4 15. Rab1 Qb5 16. Qc2 Nb6 17. Bf4 Qc4 18. Qxc4 Nxc4 19. b5 Ned2 20. bxc6 bxc6 21. Nxd2 Nxd2 22. Rb7 Nxf1 23. Kxf1 Rf8 24. Ke2 h6 25. Kd3 a5 26. Kc3 Rfc8 27. Bd6 Rd8 28. Be5 Rdc8 29. Bd6 Rd8 30. Be5 Rac8 31. Ra7 Ra8 32. Rb7 Rac8 33. Ra7 Ra8 1/2-1/2

[Event "AUT-chT2M 1112"]
[Site "Austria"]
[Date "2011.12.02"]
[Round "4.2"]
[White "Felsberger, Alfred"]
[Black "Nemeth, Miklos"]
[Result "1/2-1/2"]
[WhiteElo "2361"]
[BlackElo "2438"]
[PlyCount "62"]
[EventDate "2011.10.21"]
[EventType "team-tourn"]
[EventRounds "11"]
[EventCountry "AUT"]
[SourceTitle "EXT 2013"]
[Source "ChessBase"]
[SourceDate "2012.11.22"]
[SourceVersion "1"]
[SourceVersionDate "2012.11.22"]
[SourceQuality "1"]
[WhiteTeam "Ansfelden"]
[BlackTeam "Steyregg"]
[WhiteTeamCountry "AUT"]
[BlackTeamCountry "AUT"]

1. e4 e5 2. Nf3 Nc6 3. d4 exd4 4. Bc4 Bc5 5. 0-0 d6 6. c3 Bg4 7. Qb3 Na5 8. Qa4+ c6 9. Be2 b5 10. Qd1 dxc3 11. Nxc3 Ne7 12. b3 Ng6 13. Bd2 Nb7 14. Qc2 0-0 15. Rad1 Qe7 16. h3 Bd7 17. Bg5 f6 18. Bc1 Rae8 19. Nd4 b4 20. Na4 Bxd4 21. Rxd4 c5 22. Rd2 Bc6 23. f3 Nf4 24. Bc4+ Kh8 25. Rdd1 Ne6 26. Be3 Nc7 27. Rfe1 Nb5 28. Qd3 Nc7 29. Qc2 Nb5 30. Qd3 Nc7 31. Qc2 Nb5 1/2-1/2